| 000 | 00788nam a2200253Ia 4500 | ||
|---|---|---|---|
| 003 | OSt | ||
| 005 | 20220923224737.0 | ||
| 006 | a|||||r|||| 00| 0 | ||
| 007 | ta | ||
| 008 | 220922b |||||||| |||| 00| 0 hin d | ||
| 024 | _a249,422 | ||
| 037 | _cTextual | ||
| 040 |
_aARTS _cARTS _bhin |
||
| 041 |
_2hin _ahin |
||
| 082 | _aO152:g, G8 | ||
| 100 | _aसत्येन्द्र | ||
| 245 | 0 | _aसाहित्य की झॉंकी | |
| 246 | _aSāhitya kī zaॉankī | ||
| 260 |
_aआगरा _b साहित्य - रत्न - भण्डार _c1938 |
||
| 300 |
_a183पृ. _ccm. |
||
| 650 |
_aहिन्दी साहित्य _9156264 |
||
| 942 |
_hO152:g, G8 _cTEXL _2CC |
||
| 999 |
_c373350 _d373350 |
||